|
|
|
|
| LEADER |
00000cam a2200000 a 4500 |
| 001 |
vtls008376655 |
| 003 |
SK-MaSNL |
| 005 |
20260301145527.0 |
| 008 |
230403s1951 xo f 100 s hun |
| 015 |
|
|
|a SNBA19451955-004686
|
| 020 |
|
|
|q (brožované)
|
| 035 |
|
|
|a SK01SNKBKSFS20010068872
|
| 035 |
|
|
|a urn:nbn:sk:snk-am3ikpj
|
| 035 |
|
|
|a C8DB027E-029A-4D4B-9CED-3BF1468D1C35
|
| 035 |
|
|
|a urn:nbn:sk:snk-am00engr
|
| 035 |
|
|
|a SKM000071335
|
| 040 |
|
|
|a SNK
|b slo
|c SNK
|e AACR2
|
| 041 |
0 |
|
|a hun
|
| 043 |
|
|
|a e-xo---
|
| 044 |
|
|
|a xo
|c SK
|
| 072 |
|
7 |
|a 329
|x Politické strany a hnutia
|2 konspekt
|
| 080 |
|
|
|a 329.15
|2 2011
|
| 080 |
|
|
|a 323
|2 2011
|
| 080 |
|
|
|a 32-043.86
|2 2011
|
| 080 |
|
|
|a (042.5)
|2 2011
|
| 080 |
|
|
|a (047)
|2 2011
|
| 080 |
|
|
|a (062.534)
|2 2011
|
| 080 |
|
|
|a 316.323.7
|2 2011
|
| 110 |
2 |
|
|a Komunistická strana Slovenska.
|b Ústredný výbor
|4 aut
|9 186489
|
| 245 |
1 |
0 |
|a Jelentés Szlovákia Kommunista Pártja Központi Bizottságának üléséről
|
| 246 |
1 |
4 |
|a Gottwald elvtarssal a bekeert es szocializmusert
|b Szlovákia Kommunista Pártja Központi Bizottsagának ülese 1951 aprilis 18-20-án Bratislavában
|
| 260 |
|
|
|a [Bratislava]
|b [Szlovákiai Kommunista Párt Központi Bizottsága Titkárságának kultúr-propaganda osztálya]
|c [1951]
|
| 300 |
|
|
|a 121 strán
|c 21 cm
|
| 500 |
|
|
|a Poznámky pod čiarou
|
| 600 |
1 |
7 |
|a Gottwald, Klement,
|d 1896-1953
|2 SNKMA
|9 114413
|
| 600 |
1 |
7 |
|a Široký, Viliam,
|d 1902-1971
|2 SNKMA
|9 113477
|
| 600 |
1 |
7 |
|a Bašťovanský, Štefan,
|d 1910-1952
|2 SNKMA
|9 48942
|
| 600 |
1 |
7 |
|a Bránik, Július,
|d 1908-1970
|2 SNKMA
|9 56175
|
| 610 |
2 |
7 |
|a Komunistická strana Slovenska.
|b Ústredný výbor
|2 SNKKA
|9 186489
|
| 648 |
|
7 |
|a 1951
|2 SNKPH
|9 295560
|
| 650 |
0 |
7 |
|a komunistické strany
|2 SNKPH
|9 3597
|
| 650 |
0 |
7 |
|a vnútorná politika
|2 SNKPH
|9 970
|
| 650 |
0 |
7 |
|a politický vývoj
|2 SNKPH
|9 67276
|
| 650 |
0 |
7 |
|a socializmus
|2 SNKPH
|9 2151
|
| 655 |
|
7 |
|a zborníky
|2 SNKPH
|9 70165
|
| 852 |
|
|
|a Slovenská národná knižnica
|
| 954 |
|
|
|a odborná, vedecká literatúra cudzojazyčná (svetová)
|2 lita
|
| 958 |
|
|
|a RK
|
| 958 |
|
|
|a TL
|
| 958 |
|
|
|a OND
|
| 958 |
|
|
|a SP
|
| 958 |
|
|
|a HU
|
| 958 |
|
|
|a EUIPO
|
| 999 |
|
|
|c 780477
|d 782407
|
| 952 |
|
|
|a SNK
|b SNK
|y PREZ
|7 0
|p 17A0841820
|o snkSC 16252
|i snkF 459/62
|8 5
|0 0
|1 0
|4 0
|d 2020-08-10
|f 1
|l 0
|r 2025-07-18 00:00:00
|w 2026-02-24
|